Villes des séries TV policières américaines - Statistiques

Statistiques générales
  • Ce quiz a été pris 26 fois
  • Le résultat moyen est 7 sur 14
Statistiques - réponses
Série Ville % Correct
Les Experts : ... Miami, Manhattan (New York), Las Vegas
95%
New York, police judiciaire New York
81%
NCIS : ... Los Angeles, La Nouvelle-Orléans, (Oahu) Hawaï
71%
Hawaï 5.0 Honolulu (Hawaï)
67%
The Rookie Los Angeles
57%
Castle New York
57%
Dexter Miami
52%
Bones Washington D.C.
48%
L'Arme fatale Los Angeles
38%
Columbo Los Angeles
29%
Magnum Oahu (Hawaï)
29%
Cold Case : Affaires Classées Philadelphie
29%
Medium Phoenix
14%
Mentalist Sacramento
10%
Aucun quiz correspondant
Distribution des résultats
% des personnes avec chaque résultat
Percentile par nombre de réponses
Votre historique - résultats
Vous n’avez pas pris ce quiz